00909nam a22002417a 450000500170000001000130001702000230003003500130005303700160006604000120008208200170009424500740011124600060018526000650019127000540025630000270031065000580033765000620039570000320045794200260048999900190051595201330053420170124110244.0 aA-945739 c700.00a8124601011 aA-945739 bCen Lib/Ret aDPLbEN a370.192bCUL aThe cultural dimension of education /cedited by Baidyanath Saraswati b  aNew Delhi bIndira Gandhi National Centre for the Artsc1998 bNew Delhi aCentral Vista Mess, Janapath e110001 axxii, 258p. c23cm(Hb) aEducation, Elementary -- India -- Congresses. 996438 aEducation, Elementary -- Bangladesh -- Congresses.996439 aSaraswati, Baidyanath98175 2ddccENh370.192mCUL c135358d135358 001040718REFaLbLd2015-10-05eCen Lib/Retg700.00l0o370.192 CULpA-945739r2015-10-05 00:00:00t1v700.00w2015-10-05yEN